| 000 | 00582nam a2200205Ia 4500 | ||
|---|---|---|---|
| 008 | 220204s9999 xx 000 0 und d | ||
| 082 |
_aNR:063RG`1981' _bRRM |
||
| 245 | 0 | _aProceedings of the Rubber Research Institute of Malaysia, Planters conference, Kuala Lumpur, 1981 | |
| 260 |
_aKuala Lumpur _bRRIM _c1981 |
||
| 650 | _aBudding | ||
| 650 | _aLeaf analysis | ||
| 650 | _aMicro tapping | ||
| 650 | _aPlanting technique | ||
| 650 | _aRubber Smallholding | ||
| 650 | _aSkim rubber | ||
| 650 | _aTapping | ||
| 650 | _aTriclopyr | ||
| 650 | _aUpward tapping | ||
| 942 | _cBK | ||
| 999 |
_c36729 _d36729 |
||